[Event "Campo Grande Brasil op"]
[Site "Campo Grande"]
[Date "2015.10.12"]
[Round "7"]
[White "Diniz, Debora Lais de And"]
[Black "Turine, Oswaldo"]
[Result "0-1"]
[WhiteElo "1586"]
[BlackElo "1857"]
[PlyCount "38"]
[EventDate "2015.10.09"]
[EventType "swiss"]
[EventRounds "7"]
[EventCountry "BRA"]
[SourceTitle "CBM 168 Extra"]
[Source "ChessBase"]
[SourceDate "2015.10.29"]
[SourceVersion "1"]
[SourceVersionDate "2015.10.29"]
[SourceQuality "1"]

1. Nf3 c5 2. g3 d6 3. Bg2 Nf6 4. c3 g6 5. d4 Nbd7 6. 0-0 Bg7 7. dxc5 Nxc5 8. Re1 0-0 9. Nbd2 a6 10. Nb3 Ne6 11. Bh3 b5 12. Bxe6 Bxe6 13. Ng5 Qc8 14. Bf4 h6 15. Nxe6 Qxe6 16. Nd4 Qh3 17. e4 e5 18. Bxe5 dxe5 19. Nc6 Ng4 0-1

[Event "Campo Grande 3rd"]
[Site "Campo Grande"]
[Date "2014.06.21"]
[Round "9"]
[White "Diniz, Debora Lais de And"]
[Black "Gonzales, Mario Sergio"]
[Result "1/2-1/2"]
[WhiteElo "1817"]
[BlackElo "1860"]
[PlyCount "25"]
[EventDate "2014.06.19"]
[EventType "tourn"]
[EventRounds "9"]
[EventCountry "BRA"]
[SourceTitle "CBM 161 Extra"]
[Source "ChessBase"]
[SourceDate "2014.08.29"]
[SourceVersion "1"]
[SourceVersionDate "2014.08.29"]
[SourceQuality "1"]

1. d4 d5 2. Nf3 Nf6 3. e3 Bg4 4. Be2 e6 5. c4 c6 6. Nc3 Bd6 7. 0-0 0-0 8. b3 Nbd7 9. h3 Bxf3 10. Bxf3 Rc8 11. Bb2 h6 12. Rc1 a6 13. a3 1/2-1/2

[Event "Campo Grande 3rd"]
[Site "Campo Grande"]
[Date "2014.06.20"]
[Round "4"]
[White "Lima, Vinicius Taishun"]
[Black "Diniz, Debora Lais de And"]
[Result "1-0"]
[WhiteElo "1720"]
[BlackElo "1817"]
[PlyCount "89"]
[EventDate "2014.06.19"]
[EventType "tourn"]
[EventRounds "9"]
[EventCountry "BRA"]
[SourceTitle "CBM 161 Extra"]
[Source "ChessBase"]
[SourceDate "2014.08.29"]
[SourceVersion "1"]
[SourceVersionDate "2014.08.29"]
[SourceQuality "1"]

1. e4 e5 2. Bc4 Nf6 3. d3 Bc5 4. c3 d6 5. Nf3 c6 6. b4 Bb6 7. 0-0 0-0 8. Bg5 Nbd7 9. Qe2 c5 10. b5 h6 11. Bh4 Ba5 12. d4 Qc7 13. Bxf6 Nxf6 14. dxe5 dxe5 15. Qe3 Ng4 16. Qc1 Bf5 17. h3 Bxe4 18. hxg4 Bxb1 19. Rxb1 Qe7 20. Re1 Bc7 21. Qe3 Qd6 22. Rbd1 Qg6 23. Nxe5 Bxe5 24. Qxe5 Rae8 25. Qf5 Rxe1+ 26. Rxe1 Qd6 27. Qe5 Qd7 28. Qxc5 Qxg4 29. Qb4 Qg6 30. Qb1 Qf6 31. Qb4 Rd8 32. Qe7 Rd6 33. Bxf7+ Qxf7 34. Qxd6 Qxa2 35. Qe6+ Qxe6 36. Rxe6 Kf7 37. Re4 Kf6 38. Ra4 Ke5 39. Rxa7 g5 40. Rxb7 h5 41. Rc7 Kf4 42. b6 h4 43. b7 g4 44. b8Q g3 45. Rc4+ 1-0

[Event "Campo Grande 3rd"]
[Site "Campo Grande"]
[Date "2014.06.19"]
[Round "3"]
[White "Diniz, Debora Lais de And"]
[Black "Lima, Aine Carolina"]
[Result "1-0"]
[WhiteElo "1817"]
[BlackElo "1683"]
[PlyCount "56"]
[EventDate "2014.06.19"]
[EventType "tourn"]
[EventRounds "9"]
[EventCountry "BRA"]
[SourceTitle "CBM 161 Extra"]
[Source "ChessBase"]
[SourceDate "2014.08.29"]
[SourceVersion "1"]
[SourceVersionDate "2014.08.29"]
[SourceQuality "1"]

1. e4 c5 2. Nc3 e6 3. Nf3 a6 4. Bc4 Qc7 5. d3 b5 6. Bd5 exd5 7. Nxd5 Qd6 8. Bf4 Qc6 9. Nc7+ Kd8 10. Nxa8 Qxa8 11. Ne5 Ke8 12. d4 Qxe4+ 13. Be3 f6 14. f3 Qf5 15. g4 Qe6 16. Qd2 fxe5 17. dxc5 Bb7 18. Rf1 Qd5 19. Qe2 Bxc5 20. Rd1 Qxa2 21. Bxc5 Qe6 22. Rd6 Qe7 23. Rb6 Qxc5 24. Rxb7 Nc6 25. Qd3 Nd4 26. c3 Kd8 27. f4 Kc8 28. Qe4 Nb3 1-0